[Event "Tortosa op"]
[Site "Tortosa"]
[Date "1996.07.13"]
[Round "9"]
[White "Rivadavia Gonzalez, Josep"]
[Black "Ferre Roca, Josep Maria"]
[Result "1/2-1/2"]
[WhiteElo "1910"]
[BlackElo "2035"]
[PlyCount "39"]
[EventDate "1996.07.05"]
[EventType "swiss"]
[EventRounds "9"]
[EventCountry "ESP"]
[SourceTitle "EXT 2003"]
[Source "ChessBase"]
[SourceDate "2002.11.25"]
[SourceVersion "1"]
[SourceVersionDate "2002.11.25"]
[SourceQuality "1"]

1. e4 c5 2. Nf3 d6 3. d4 cxd4 4. Nxd4 Nf6 5. Nc3 g6 6. Bd3 Bg7 7. 0-0 0-0 8. h3 a6 9. Re1 Nbd7 10. Nf3 Qc7 11. Qe2 b5 12. a3 Bb7 13. Bf4 Nh5 14. Bd2 Nhf6 15. Rad1 Rfd8 16. Bf4 Nh5 17. Bd2 Nhf6 18. Bf4 Qc5 19. Be3 Qc7 20. Bf4 1/2-1/2